1432 1594 1163 1940 1693 1038 1690 1994 1786 1328 1666 1693 1189 1366 1160 1480 1552 1407 1886 1986 1413 1848 1593 1356 1154 1277 1425 1408 1337 1656 1386 1089 1210 1655 1845 1675 1665 1360 1363 1635 1401 1336 1883 1442 1518 1717 1234 1844 1304 1540 1138 1405 1737 1060 1482 1616 1608 1710 1697 1711 1249 1119 1235 1928 1461 1687 1683 1402 1858 1518 1157 1222 1087 1257 1083 1999 1396 1817 1081 1170 1212 1141 1950 1314 1005 1147 1968 1930 1302 1838 1154 1719 1955 1181 1280 1578 1209 1388 1261 BCNSPRNW ULIB Ver.6.0+V

เปลี่ยนเป็นภาษาไทย

Change to English
 แสดงรายละเอียดบรรณานุกรม
  กลับหน้าหลัก

Brief Record : Get Marc (ISO 2709) : E-mail record : QR code < ปิดหน้าต่าง
LEADER : 00000nam 2200000uu 4500
001    13399110590
003     ULIB
008    110603s2549||||th 000 0 tha d
020    9749457692
050  4 HD31^bจ214ก 2549
100 0  จักร ติงศภัทิย์
245 10 การจัดการยุคใหม่ :กลยุทธ์การบริหารผลการดำเนินงาน =^bModern management : A strategic approcah for performance management /^cจักร ติงศภัทิย์
246 31 Modern management : A strategic approcah for performancemanagement
250    พิมพ์ครั้งที่ 1
260    กรุงเทพฯ :^bเอ็กซเปอร์เน็ท,^c2549
300    173 หน้า :^bภาพประกอบ ;^c22 ซม.
650  7 การจัดการ
650  7 การจัดการองค์การ
650  7 การบริหาร
945    ^p180^l0^i18221
995    กษร
999    ^aใช้งานได้ทุกระบบ
รายการนี้ยังไม่มีแท็ก
คุณยังไม่ได้ล็อกอิน คุณสามารถมีกิจกรรมร่วมกับเว็บไซต์ได้ แต่ต้องล็อกอินก่อน ::
  ล็อกอิน

รายการสื่อสารสนเทศ

ลำดับที่ ประเภท เลขเรียก/บาร์โค้ด สถานที่ สถานะ
- ไม่พบข้อมูล -

รายการใกล้เคียง
    ผู้แต่ง [จักร ติงศภัทิย์]

    หัวเรื่อง [การจัดการ]
    หัวเรื่อง [การจัดการองค์การ]
    หัวเรื่อง [การบริหาร]

BibComment


ยังไม่เคยถูกคอมเมนท์

คอมเมนท์ทรัพยากรรายการนี้
  คอมเมนท์: การจัดการยุคใหม่ ..


 Copyright 2026. Bcnsprnw @Library